Hardest NBA Quiz EVER?? - Statistics

General Stats
  • This quiz has been taken 877 times
  • The average score is 4 of 10
Answer Stats
Question Answer % Correct
Year Wilt scored 100 1962
84%
Bill Russell first championship 1957
70%
What soda is Lebron sponsered with Sprite
67%
Lost in the Championship in 1997 jazz
60%
Year Bob McAdoo was drafted 1972
55%
Most points scored as a team in a game 186
43%
Has the most turnovers in a career ever Karl Malone
12%
Runner Up for the 1976 MVP Bill Walton
5%
Pick after micheal jordan Sam Perkins
5%
First pick in the 1968 draft Elvin Hayes
4%
No matching quizzes found
Score Distribution
Percent of People with Each Score
Percentile by Number Answered
Your Score History
You have not taken this quiz